Регионална библиотека "Любен Каравелов" - Русе

Магическа лупа : транспортни машини (Запис номер 439104)

MARC детайли
000 -Лидер
Контролно поле с фиксирана дължина 01491nam a2200325 a 4500
003 - Код на организацията, давaща контролен номер
Контролно поле BLK
005 - Дата и час на последна редакция
Контролно поле 20241130164112.0
008 - Елементи от данни с фиксирана дължина
fixed length control field 180409b bul|||||r ||||||| ||bul||
020 ## - Международен стандартен номер на книга ISBN
Международен стандартен номер на книга ISBN 978-619-199-504-2
040 ## - Източник на каталожния запис
Идентификатор на билиотеката - собственик на записа BLK
041 ## - Код за език
Код за езика на текст/звукозапис или на отделно заглавие Български
Код за езика КДБФ Български
080 ## - УДК
Текстов определител УДК Техника на транспортните средства
УДК код - определител по УДК 629
УДК определител :087.5
УДК - код + определител 629:087.5
100 1# - Редна дума - Автор
Автор Хед, Онър
Авторска отговорност първи автор
R(LIN) 37381
139 ## - Редно поле
Редна дума Хед, Онър
Авторски знак Хед - Х 38
245 10 - Сведения за заглавието
Заглавие Магическа лупа : транспортни машини
Редно поле (дума) Онър Хед ; ил. Дона О'Мали ; прев. от англ. Ирина Манушева
260 ## - Област на издателските данни
Име на издателя, разпространителя и проч. Фют
Година на издаване 2020
Място на издаване, разпространение и проч. София
300 ## - Физическа характеристика
Страници 23 с.
Илюстрации и др. с цв. ил.
Размери/Мащаб 32 см
380 ## - Жанр
Жанр Детска отраслова лит.
500 ## - Общи забележки
Забележка Ориг. загл.: Magic magnifying glass: moving machines / Honor Head<br/>Загл. от изд. каре<br/>Загл. на кор.: Транспортни машини<br/>Кн. отпеч. на ламиниран картон<br/>Речник: с. 23.
650 #0 - Допълнително описание по предмет – тема
Основно описание – тема или топоним Книжки-играчки
9 (RLIN) 345930
653 #7 - Ключова дума – ненормативна
Ключова дума транспортна техника
9 (RLIN) 198589
700 1# - Други автори (авторска отговорност)
Лично име Манушева, Ирина Борисова
Автороска отговорност (Описва отношението между автора и произведението) прев. от англ.
9 (RLIN) 374746
700 1# - Други автори (авторска отговорност)
Лично име О'Мали, Дона
Автороска отговорност (Описва отношението между автора и произведението) ил.
9 (RLIN) 104132
852 ## - Местоположение
Форматна сигнатура Цб ІІ 30527
Фондова буква Хранилище
856 4# - Електронен адрес и достъп
Електронен формат pdf - файл
Инструкция (цена за достъп) 0.00
Права за достъп disable
856 4# - Електронен адрес и достъп
Електронен формат pdf - файл
Инструкция (цена за достъп) 0.00
Права за достъп disable
999 ## - СИСТЕМНИ КОНТРОЛНИ НОМЕРА
Koha biblionumber 439104
Koha biblioitemnumber 439104
942 ## - АРТИКУЛИ
Вид на библиотечния материал Книги
Скрит в OPAC Не
Периодичен библиозапис Да
Koha issues (borrowed), all copies 21
944 ## - СЪЗДАВАНЕ И РЕДАКЦИЯ на ЗАПИСА
Създаване/Редакция Създаване
Дата на регистрацията/редакция 2021-12-07
Служител, извършил регистрацията/редакцията 30551
Статус, дата на статуса Бояна Костадинова
999 ## - СИСТЕМНИ КОНТРОЛНИ НОМЕРА
Koha biblioitemnumber 439104
Наличности
Код за отписване Код за изгубен артикул Източник на класификационната схема Код за повреда Коз за рестрикции Код за отдаване Артикулен № Име на библиотеката - собственик Име на библиотеката, в която се намира в момента Статус (Текущо местоположение) Дата на вписване в системата Местоположение - отдел Цена в лева Систематично азбучна сигнатура Баркод Цена в евро Служебен тип на артикула
  Не е изгубен Universal Decimal Classification Не е повреден само за читалня ползва се в читалня 868275 Регионална библиотека "Любен Каравелов" Русе Регионална библиотека "Любен Каравелов" Русе Хранилище 2022-01-18 Хранилище 20.00 Цб ІІ 30527 120000864060 10.23 Книги
  Не е изгубен Universal Decimal Classification Не е повреден без рестрикции заемане за дома 923332 Регионална библиотека "Любен Каравелов" Русе Регионална библиотека "Любен Каравелов" Русе Детски отдел 2023-02-17 Детски отдел 14.92 629/Х 38-О 120000882658 7.63 Книги
  Не е изгубен Universal Decimal Classification Не е повреден без рестрикции заемане за дома 923333 Регионална библиотека "Любен Каравелов" Русе Регионална библиотека "Любен Каравелов" Русе Детски отдел 2023-02-17 Детски отдел 14.92 629/Х 38-О 120000882657 7.63 Книги
  Не е изгубен Universal Decimal Classification Не е повреден без рестрикции заемане за дома 923334 Регионална библиотека "Любен Каравелов" Русе Регионална библиотека "Любен Каравелов" Русе Детски отдел 2023-02-17 Детски отдел 14.92 629/Х 38-О 120000882659 7.63 Книги
Vip Innovations Ltd, Rousse, Bulgaria 2025